000 00478nmm a2200157Ia 4500
008 251105s9999||||xx |||||||||||||||||und||
041 _aspa
100 _aGaos, José
245 0 _aIntroducción a el ser y el tiempo de Martin Heidegger
264 _a[México D.C., Mexico] :
_bFondo de Cultura Económica,
_c2016
300 _a152 páginas
490 _aFilosofía
650 _aPhilosophy, Ethics
856 _uhttps://public.digitaliapublishing.com/a/64517
942 _cCF
999 _c99353
_d99353